Longest Snakes - Statistics

General Stats
  • This quiz has been taken 139 times
  • The average score is 3 of 10
Answer Stats
# Answer % Correct
1 Reticulated Python
90%
5 King Cobra
75%
2 Green Anaconda
72%
4 African Rock Python
35%
8 Indian Python
28%
7 Bushmaster
11%
3 Scrub Python
10%
9 Diamondback Rattlesnake
7%
6 Boa Constructor
1%
10 Western Rat Snake
1%
No matching quizzes found
Score Distribution
Percent of People with Each Score
Percentile by Number Answered
Your Score History
You have not taken this quiz